| 000 | 01007cad a22002415a 4500 | ||
|---|---|---|---|
| 001 | E151683 | ||
| 008 | 101130s2009 xxk f 000 0 eng d | ||
| 020 | _a9781842195222 | ||
| 035 | _a(Sirsi) u151683 | ||
| 041 | 0 | _aeng | |
| 050 | 0 | 4 | _a658.406 $2 18 |
| 100 | 1 | _aWaller, Andrew | |
| 245 | 0 | 4 |
_aThe role of social media in commercial property _h[electronic resource] |
| 260 |
_aLondon _bRICS _c2009 |
||
| 520 | _aLooks at social media such as blogs, Twitter, Wikis and image sharing, and discusses the opportunities it presents for those working in the commercial property sector, in terms of marketing, development, agency, professional services and various other aspects. | ||
| 521 | _aAdvanced | ||
| 590 | _aKA | ||
| 651 | 4 | _aUnited Kingdom | |
| 690 | _aPROPERTY-COMMERCIAL PROPERTY | ||
| 700 | 1 | _aThompson, Bob | |
| 856 | 4 | 0 |
_uhttp://web.archive.org/web/20100417113117/https://www.rics.org/site/download_feed.aspx?fileID=5081&fileExtension=PDF _zAvailable on the webarchive |
| 942 |
_n0 _2ddc |
||
| 999 |
_c111536 _d111536 |
||